| 000 | 01630cam a22003731 4500 | ||
|---|---|---|---|
| 001 | 12507 | ||
| 003 | BD-RjUL | ||
| 005 | 20211208235316.0 | ||
| 008 | 140129s1939 enkaf 000 0 eng | ||
| 035 | _a(BD-RjUL)12556 | ||
| 035 | _a(OCoLC)4706390 | ||
| 040 |
_aDLC _cCtY _dDLC _dBD-RjUL _beng |
||
| 041 | _aeng | ||
| 082 |
_a561.841 _bHAB |
||
| 100 | 1 |
_aHarris, Thomas Maxwell, _d1903- _938939 |
|
| 245 | 1 | 0 |
_aBritish Purbeck Charophyta, / _cby Thomas Maxwell Harris. With seventeen plates and sixteen figures in the text. |
| 260 |
_aLondon : _bPrinted by order of the Trustees of the British museum, _c1939. |
||
| 300 |
_aix, 83 p. : _billus., 17 pl., diagrs. ; _c22 cm. |
||
| 500 | _aAt head of title: British museum (Natural history) | ||
| 500 | _aEach plate accompanied by leaf with descriptive letterpress not included in paging. | ||
| 500 | _a"The specimens obtained by Reid and Groves, bequeathed to the British museum by the latter in 1933, formed the basis of the present work; but Prof. Harris, in conjunction with Mr. P. Sylvester Bradley, has collected and prepared much additional material."-Pref. | ||
| 504 | _a"List of works quoted": p. 80-81. | ||
| 650 | 0 |
_aCharaceae, Fossil. _938940 |
|
| 650 | 0 |
_aPaleobotany _yJurassic. _938941 |
|
| 650 | 0 |
_aPaleobotany _zEngland _zDorset. _938942 |
|
| 700 | 1 |
_aReid, Clement, _d1853-1916. _938943 |
|
| 700 | 1 |
_aGroves, James. _938944 |
|
| 700 | 1 |
_aBradley, P. Sylvester. _938945 |
|
| 710 | 2 |
_aBritish Museum (Natural History). _bDepartment of Geology. _938946 |
|
| 740 | 0 | _aPurbeck Charophyta. | |
| 942 |
_2ddc _cBK |
||
| 999 |
_c12507 _d12507 |
||